• 首页
  • 本馆介绍
  • 公告通知
  • 最新文献
  • 馆藏检索
  • 电子资源
  • 读者导购
  • 参考咨询
  • 我的图书馆
  • 登录
  • 详细信息显示
  • 放入我的书架
  • 预约/预借图书
  • 作者相关作品
  • 分类相关作品
  • 丛书相关作品
  • 出版社相关作品

书目信息

  • 表格格式
  • 工作单格式
  • 卡片格式
题名:
立体几何题解
    
 
作者: 孙〓 , 张竟 编译
分册:  
出版信息: 北京   科学技术文献出版社  1981
页数: 254页
开本: 19cm
丛书名:
单 册:
中图分类: O123.2
科图分类:
主题词: 初等数学 , 立体几何--解题
电子资源:
ISBN:
000 00679nam0 2200253 45
001 0181010005
005 20060925152422.93
010    @dCNY0.75
091    @a13176.125
100    @a19950112d1981 em y0chiy0121 ea
101 1  @achi
102    @aCN@b110000
105    @ay q 000yy
200 10 @a立体几何题解@Ali ti ji he ti jie@f张竟,孙〓编译@Fzhang jing,sun〓bian yi
210    @a北京@c科学技术文献出版社@d1981
215    @a254页@d19cm
606 0  @a初等数学
606    @a立体几何@x解题
690    @aO123.2@v4
701  0 @a孙〓@Asun〓@4编译
701  0 @a张竟@Azhang jing@4编译
801  0 @aCN@b上海图书馆@c20060925
801  2 @aCN@bNLC@c20060818
905    @dO123.2@e1
    
    立体几何题解/张竟,孙〓编译.-北京:科学技术文献出版社,1981
    254页;19cm
    
    
    ISBN :CNY0.75
    
●
相关链接 在E读中查询图书 在五车中查询图书 在当当中查询图书 在豆瓣中查询图书


正题名:立体几何题解     索取号:O123.2/1         预约/预借

序号 登录号 条形码 馆藏地/架位号 状态 备注
1 0062360   001936873   密集书库/ [索取号:O123.2/1] 在馆    
2 0062374   202240084   密集书库/ [索取号:O123.2/1] 在馆    
3 0062375   001244889   第二样本阅览室/ [索取号:O123.2/1] 在馆    
4 0062376   001244932   密集书库/ [索取号:O123.2/1] 在馆    
5 0062377   202240155   密集书库/ [索取号:O123.2/1] 在馆    
6 0062378   001244914   密集书库/ [索取号:O123.2/1] 在馆    
7 0062379   001244905   密集书库/ [索取号:O123.2/1] 在馆    
8 0062381   001244923   第三借阅区/ [索取号:O123.2/1] 在馆    
9 0062382   001244898   第三借阅区/ [索取号:O123.2/1] 在馆    
10 0062383   202240146   密集书库/ [索取号:O123.2/1] 在馆    
11 0422696   204226961   密集书库/ [索取号:O123.2/1] 在馆    
12 0431250   204312500   密集书库/ [索取号:O123.2/1] 在馆    
13 0431251   204312519   密集书库/ [索取号:O123.2/1] 在馆    
14 0444948   204449481   密集书库/ [索取号:O123.2/1] 在馆    
15 0444955   204449551   密集书库/ [索取号:O123.2/1] 在馆    
16 0450073   204500735   密集书库/ [索取号:O123.2/1] 在馆    
17 0454070   204540700   密集书库/ [索取号:O123.2/1] 在馆    
18 0454071   204540719   密集书库/ [索取号:O123.2/1] 在馆    
19 0461641   204616415   密集书库/ [索取号:O123.2/1] 在馆    
20 0461642   204616424   密集书库/ [索取号:O123.2/1] 在馆    
21 0462004   204620044   密集书库/ [索取号:O123.2/1] 在馆    
22 0462005   204620053   密集书库/ [索取号:O123.2/1] 在馆    
23 0468524   204685242   密集书库/ [索取号:O123.2/1] 在馆    
24 0468737   204687375   密集书库/ [索取号:O123.2/1] 在馆    
唐山师范学院图书馆 欢迎您!
大连网信软件有限公司© 版权所有